Point processes and queuing problems

Salvato in:
Dettagli Bibliografici
Natura: Libro
Lingua:inglese
Pubblicazione: Amsterdam North-Holland Pub. Co. 1981
Serie:Colloquia Mathematica Societatis János Bolyai 24
Tags: Aggiungi Tag
Nessun Tag, puoi essere il primo ad aggiungerne!!

MARC

LEADER 00000nam a2200000 4500
001 c114515
005 20230111125354.8
041 0 |a eng 
044 |a NL 
245 1 0 |a Point processes and queuing problems 
264 1 |a Amsterdam  |b North-Holland Pub. Co.  |c 1981 
300 |a 426 s. 
490 1 |a Colloquia Mathematica Societatis János Bolyai  |v 24 
830 0 |a Colloquia Mathematica Societatis János Bolyai  |v 24